|
|
|
|
| LEADER |
00000naa2a2200000 4500 |
| 001 |
158010 |
| 005 |
20240212162400.0 |
| 035 |
|
|
|a (RuTPU)RU\TPU\book\171389
|
| 090 |
|
|
|a 158010
|
| 100 |
|
|
|a 20090416d2008 k y0rusy50 ca
|
| 101 |
0 |
|
|a rus
|
| 102 |
|
|
|a RU
|
| 200 |
1 |
|
|a Макетный образец безопорного движителя малой тяги
|f А. Ю. Голубятников, В. И. Копытов, Д. П. Крауиньш
|
| 320 |
|
|
|a Библиогр.: 2 назв.
|
| 463 |
|
0 |
|0 (RuTPU)RU\TPU\book\164780
|t Современные проблемы машиностроения
|o труды IV Международной научно-технической конференции, 26-28 ноября 2008 г., Томск
|f Томский политехнический университет (ТПУ)
|v С. 443-445
|d 2008
|p 666 с.
|
| 610 |
1 |
|
|a безопорное движение
|
| 610 |
1 |
|
|a движители
|
| 610 |
1 |
|
|a макеты
|
| 610 |
1 |
|
|a трёхмерные модели
|
| 610 |
1 |
|
|a вибрация
|
| 610 |
1 |
|
|a вибрационная сила
|
| 610 |
1 |
|
|a колебания
|
| 610 |
1 |
|
|a труды учёных ТПУ
|
| 700 |
|
1 |
|a Голубятников
|b А. Ю.
|
| 701 |
|
1 |
|a Копытов
|b В. И.
|c российский ученый, физик
|c заслуженный профессор Томского политехнического университета
|c профессор-консультант Томского политехнического университета, доктор технических наук
|f 1929-
|g Владимир Ильич
|3 (RuTPU)RU\TPU\pers\19805
|
| 701 |
|
1 |
|a Крауиньш
|b Д. П.
|c специалист в области машиностроения
|c доцент Томского политехнического университета, кандидат технических наук
|f 1964-
|g Дмитрий Петрович
|3 (RuTPU)RU\TPU\pers\28850
|9 13606
|
| 801 |
|
1 |
|a RU
|b 63413507
|c 20090416
|g PSBO
|
| 801 |
|
2 |
|a RU
|b 63413507
|c 20160516
|g RCR
|
| 942 |
|
|
|c BK
|